Electronic and Radio Engineering (Record no. 86782)

MARC details
000 -LEADER
fixed length control field 00653pam a2200205 a 4500
020 ## - INTERNATIONAL STANDARD BOOK NUMBER
International Standard Book Number 0-07-Y85795-4
Terms of availability
040 ## - CATALOGING SOURCE
Original cataloging agency NMHR_425001
041 ## - LANGUAGE CODE
Language code of text/sound track or separate title eng
082 ## - DEWEY DECIMAL CLASSIFICATION NUMBER
Classification number 621.381
Item number TER
100 ## - MAIN ENTRY--PERSONAL NAME
Personal name Terman, F E
245 ## - TITLE STATEMENT
Title Electronic and Radio Engineering
Statement of responsibility, etc. by Frederick Emmons Terman
Medium Paper
250 ## - EDITION STATEMENT
Edition statement 4th ed
260 ## - PUBLICATION, DISTRIBUTION, ETC.
Place of publication, distribution, etc. New Delhi
Name of publisher, distributor, etc. McGraw-Hill Book Company
Date of publication, distribution, etc. 1988
300 ## - PHYSICAL DESCRIPTION
Extent 1078p
Other physical details 692 Figures, 11 Tables
Dimensions 20.8 x 14.9 cm
365 ## - TRADE PRICE
Price type code Rs.380
Price note Paper Back
500 ## - GENERAL NOTE
General note This document contains back index from page no. 1057 to 1078
504 ## - BIBLIOGRAPHY, ETC. NOTE
Bibliography, etc. note This document does not contain any kind of bibliography
700 ## - ADDED ENTRY--PERSONAL NAME
Personal name Kshisagar, A
930 ## - EQUIVALENCE OR CROSS-REFERENCE-UNIFORM TITLE HEADING [LOCAL, CANADA]
Uniform title 9877
Holdings
Withdrawn status Lost status Damaged status Not for loan Collection Home library Current library Date acquired Source of acquisition Cost, normal purchase price Total Checkouts Full call number Barcode Date last seen Copy number Price effective from Koha item type
          Yashwantrao Mohite College of Arts, Science And Commerce, Pune Yashwantrao Mohite College of Arts, Science And Commerce, Pune 10/06/2021 Varma Book Centeer 136.30   621.381 TER YMP-30782 24/02/2023 1 24/02/2023 Book